Menová politika suverénnej krajiny a jej riziká

Menová politika na dosiahnutie svojich cieľov využíva priame a nepriame nástroje. Vnútorné ekonomické procesy môžu zmariť politiku jednotlivých vládnych strán konverziou veľkých objemov zahraničnej meny a jej použitím na domácu investíciu, pracovnými reštrikciami, ktoré spôsobia odlev domácich praco...

Ausführliche Beschreibung

Gespeichert in:
Bibliographische Detailangaben
1. Verfasser: Hocman, František, 1983-
Format: Buchkapitel
Sprache:Slowakisch
Schlagworte:
Tags: Tag hinzufügen
Keine Tags, Fügen Sie das erste Tag hinzu!

MARC

LEADER 00000nla a2200000 4500
001 0183892
005 20240502073141.5
041 0 |a slo 
044 |a SK 
245 1 0 |a Menová politika suverénnej krajiny a jej riziká  |c František Hocman 
520 |a Menová politika na dosiahnutie svojich cieľov využíva priame a nepriame nástroje. Vnútorné ekonomické procesy môžu zmariť politiku jednotlivých vládnych strán konverziou veľkých objemov zahraničnej meny a jej použitím na domácu investíciu, pracovnými reštrikciami, ktoré spôsobia odlev domácich pracovníkov do zahraničia, alebo operáciami centrálnej banky na vyrovnávanie menových disproporcií. 
610 2 0 |a politika menová 
610 2 0 |a banky centrálne 
610 2 0 |a bubliny finančné 
610 2 0 |a nástroje politiky menovej 
610 2 0 |a sadzby úrokové 
610 2 0 |a miera úroková 
100 1 |a Hocman, František, 1983-